| Поле | Инд. | ПП | Название | Значение |
|---|---|---|---|---|
| Тип записи | a | |||
| Библиографический уровень | b | |||
| 001 | Контрольный номер | RU/IS/BASE/228840327 | ||
| 005 | Дата корректировки | 20220905145152.7 | ||
| 008 | Кодируемые данные | 20070402 | ||
| 040 | b | Код языка каталог. | rus | |
| e | Правила каталог. | PSBO | ||
| 041 | 0_ | a | Код языка текста | rus |
| 084 | a | Индекс другой классификации/Индекс ББК | 63.3(7США)5-6 | |
| 100 | 1_ | a | Автор | Краснов Н. А. |
| q | Полное имя | Краснов Николай Андреевич | ||
| 245 | 10 | a | Заглавие | Бенджамин Франклин во Франции |
| 504 | a | Библиография | Лит. в примеч. в конце статьи | |
| 600 | a | Персоналии | Франклин Бенджамин | |
| 650 | a | Основная рубрика | дипломатия | |
| a | Основная рубрика | история | ||
| a | Основная рубрика | международные отношения | ||
| 653 | 1_ | a | Ключевые слова | XVIII век |
| a | Ключевые слова | внешняя торговля | ||
| a | Ключевые слова | внутренняя политика | ||
| a | Ключевые слова | государственная деятельность | ||
| a | Ключевые слова | дипломатическая деятельность | ||
| a | Ключевые слова | история дипломатии | ||
| a | Ключевые слова | история международных отношений | ||
| a | Ключевые слова | союзнические отношения | ||
| a | Ключевые слова | США | ||
| a | Ключевые слова | Франция | ||
| 773 | 0_ | t | Заглавие источника | Вопросы истории |
| d | Дата издания источника | 2006 | ||
| g | Прочая информация | № 11. - С. 149 - 155 | ||
| w | Контрольный № источника | RU/IS/BASE/218295053 | ||
| 901 | t | Тип документа | b |